• 首页
  • 本馆介绍
  • 公告通知
  • 最新文献
  • 馆藏检索
  • 电子资源
  • 读者导购
  • 参考咨询
  • 我的图书馆
  • 登录
  • 详细信息显示
  • 放入我的书架
  • 预约/预借图书
  • 作者相关作品
  • 分类相关作品
  • 丛书相关作品
  • 出版社相关作品

书目信息

  • 表格格式
  • 工作单格式
  • 卡片格式
题名:
体育保健学
    
 
作者: 孙柏枫 编写
分册:  
出版信息: 北京   高等教育出版社  1987.10
页数: 360页
开本: 20cm
丛书名:
单 册:
中图分类: G804.3
科图分类:
主题词: 体育保健学
电子资源:
ISBN: 7-04-000779-7
000 00806nam0 2200265 45
001 0188002094
005 20070611093824.29
010    @a7-04-000779-7@dCNY2.55
020    @aCN@b88002094
100    @a19910411d1987 em y0chiy0120 ea
101 0  @achi
102    @aCN@b110000
105    @af j 000yy
200 10 @a体育保健学@Ati yu bao jian xue@f孙柏枫等编写@Fsun bai feng deng bian xie
210    @a北京@c高等教育出版社@d1987.10
215    @a360页@d20cm
300    @a书名页编者为:体育保健学编写组
300    @a高等学校试用教材
330    @a本书分为四篇:体育卫生、医务监督、运动损伤、和医疗体育。
540 1  @a体育保健学@Ati yu bao jian xue
606    @a体育保健学
690    @aG804.3@v3
701  0 @a孙柏枫@Asun bai feng@4编写
801  0 @aCN@bNLC@c20070611
905    @f1@b226948@dG804.3@e61
    
    体育保健学/孙柏枫等编写.-北京:高等教育出版社,1987.10
    360页;20cm
    书名页编者为:体育保健学编写组.-高等学校试用教材
    
    ISBN 7-04-000779-7:CNY2.55
    本书分为四篇:体育卫生、医务监督、运动损伤、和医疗体育。
●
相关链接 在E读中查询图书 在五车中查询图书 在当当中查询图书 在豆瓣中查询图书


正题名:体育保健学     索取号:G804.3/61         预约/预借

序号 登录号 条形码 馆藏地/架位号 状态 备注
1 0209573   000297725   密集书库/ [索取号:G804.3/61] 在馆    
2 0209574   000297716   密集书库/ [索取号:G804.3/61] 在馆    
3 0209575   000297663   第一样本阅览室/ [索取号:G804.3/61] 在馆    
4 0226947   000297672   密集书库/ [索取号:G804.3/61] 在馆    
5 0226948   001954353   密集书库/ [索取号:G804.3/61] 在馆    
6 0226949   000297654   密集书库/ [索取号:G804.3/61] 在馆    
7 0405088   204050882   密集书库/ [索取号:G804.3/61] 在馆    
8 0405089   204050891   密集书库/ [索取号:G804.3/61] 在馆    
9 0405090   204050908   密集书库/ [索取号:G804.3/61] 在馆    
10 0405091   204050917   密集书库/ [索取号:G804.3/61] 在馆    
11 0405092   204050926   密集书库/ [索取号:G804.3/61] 在馆    
12 0405093   204050935   密集书库/ [索取号:G804.3/61] 在馆    
13 0405094   204050944   密集书库/ [索取号:G804.3/61] 在馆    
14 0405095   204050953   密集书库/ [索取号:G804.3/61] 在馆    
15 0405096   204050962   密集书库/ [索取号:G804.3/61] 在馆    
16 0405097   204050971   密集书库/ [索取号:G804.3/61] 在馆    
17 0405098   204050980   密集书库/ [索取号:G804.3/61] 在馆    
18 0405099   204050999   密集书库/ [索取号:G804.3/61] 在馆    
19 0405100   204051006   密集书库/ [索取号:G804.3/61] 在馆    
20 0405101   204051015   密集书库/ [索取号:G804.3/61] 在馆    
21 0405102   204051024   密集书库/ [索取号:G804.3/61] 在馆    
22 0405103   204051033   密集书库/ [索取号:G804.3/61] 在馆    
23 0405104   204051042   密集书库/ [索取号:G804.3/61] 在馆    
24 0405105   204051051   密集书库/ [索取号:G804.3/61] 在馆    
25 0405106   204051060   密集书库/ [索取号:G804.3/61] 在馆    
26 0405107   204051079   密集书库/ [索取号:G804.3/61] 在馆    
27 0405108   204051088   密集书库/ [索取号:G804.3/61] 在馆    
28 0405109   204051097   密集书库/ [索取号:G804.3/61] 在馆    
29 0405110   204051104   密集书库/ [索取号:G804.3/61] 在馆    
30 0405111   204051113   密集书库/ [索取号:G804.3/61] 在馆    
31 0405112   204051122   密集书库/ [索取号:G804.3/61] 在馆    
32 0405113   204051131   密集书库/ [索取号:G804.3/61] 在馆    
33 0405114   204051140   密集书库/ [索取号:G804.3/61] 在馆    
34 0405115   204051159   密集书库/ [索取号:G804.3/61] 在馆    
35 0405116   204051168   密集书库/ [索取号:G804.3/61] 在馆    
36 0405117   204051177   密集书库/ [索取号:G804.3/61] 在馆    
37 0405118   204051186   密集书库/ [索取号:G804.3/61] 在馆    
38 0405119   204051195   密集书库/ [索取号:G804.3/61] 在馆    
39 0405120   204051202   密集书库/ [索取号:G804.3/61] 在馆    
40 0405121   204051211   密集书库/ [索取号:G804.3/61] 在馆    
41 0405122   204051220   密集书库/ [索取号:G804.3/61] 在馆    
42 0405123   204051239   密集书库/ [索取号:G804.3/61] 在馆    
43 0405124   204051248   密集书库/ [索取号:G804.3/61] 在馆    
44 0405125   204051257   密集书库/ [索取号:G804.3/61] 在馆    
45 0405126   204051266   密集书库/ [索取号:G804.3/61] 在馆    
46 0405127   204051275   密集书库/ [索取号:G804.3/61] 在馆    
47 0405128   204051284   密集书库/ [索取号:G804.3/61] 在馆    
48 0405129   204051293   密集书库/ [索取号:G804.3/61] 在馆    
49 0405130   204051300   密集书库/ [索取号:G804.3/61] 在馆    
50 0405131   204051319   密集书库/ [索取号:G804.3/61] 在馆    
51 0405132   204051328   密集书库/ [索取号:G804.3/61] 在馆    
52 0405133   204051337   密集书库/ [索取号:G804.3/61] 在馆    
53 0405134   204051346   密集书库/ [索取号:G804.3/61] 在馆    
54 0405135   204051355   密集书库/ [索取号:G804.3/61] 在馆    
55 0405136   204051364   密集书库/ [索取号:G804.3/61] 在馆    
56 0405137   204051373   密集书库/ [索取号:G804.3/61] 在馆    
57 0405138   204051382   密集书库/ [索取号:G804.3/61] 在馆    
58 0405139   204051391   密集书库/ [索取号:G804.3/61] 在馆    
59 0405140   204051408   密集书库/ [索取号:G804.3/61] 在馆    
60 0405141   204051417   密集书库/ [索取号:G804.3/61] 在馆    
61 0405142   204051426   密集书库/ [索取号:G804.3/61] 在馆    
62 0405143   204051435   密集书库/ [索取号:G804.3/61] 在馆    
63 0628626   206286268   密集书库/ [索取号:G804.3/61] 在馆    
64 0628627   206286277   密集书库/ [索取号:G804.3/61] 在馆    
唐山师范学院图书馆 欢迎您!
大连网信软件有限公司© 版权所有